LEADER 01825nam a2200277 4500 001 000000335384 003 CaOOAMICUS 005 20190724094700.0 008 190724s1788 it 000 u ita r 026 $atota onto o-in (2na (3) 1788 (R) 040 $aSeMil$bita 041 1 $aita$alat 100 11$aCuccagni, Luigi,$d<1740-1798>.$0(OLS)http://semarc/name/109973 245 00$aDell'autorità e giurisdizione della Chiesa e del romano pontefice sull'erezione, e distribuzione dei vescovadi e delle parrocchie, sull'elezione e consacrazione dei vescovi; e sulla disciplina della Chiesa. Opera divisa in otto lettere dell'abate Luigi Cuccagni rettore del collegio ebernese di Roma. Dedicata all'emo., e rmo principe il sig. cardinale Gregorio duca d. Anton Maria Salviati. 264 1$aIn Roma :$bPer Filippo Neri, e Luigi Vescovi,$c1788. 300 $aXX, 184 p. ;$c8° 500 $aCors. ; rom. 500 $aVignetta xilogr. (immagine sacra) sul front. 500 $aSegn.: *¹? A-L? M? (c. *5 erron. segnata *3) 700 1 $aNeri, Filippo & Vescovi, Luigi,$c.$0(OLS)http://semarc/name/109974 752 $aIT$dRoma 850 $aSeMil 852 $aSeMil$W1$xVenegono$y1$m3X II 110/1 FA$j214764$B227323$CSeMilBibl$Z2$F227323 $8I 996 $6245$aDell'autorità e giurisdizione della Chiesa e del romano pontefice sull'erezione, e distribuzione dei vescovadi e delle parrocchie, sull'elezione e consacrazione dei vescovi; e sulla disciplina della Chiesa. Opera divisa in otto lettere dell'abate Luigi Cuccagni rettore del collegio ebernese di Roma. Dedicata all'emo., e rmo principe il sig. cardinale Gregorio duca d. Anton Maria Salviati$9(OLS)http://semarc/title/424828 996 $6264$aIn Roma :$bPer Filippo Neri, e Luigi Vescovi$9(OLS)http://semarc/publisher/38206 LEADER 01141nam a2200277 i 4500 001 000000246744 003 CaOOAMICUS 005 20151123000000.0 008 151123s2006 it u000 u ita u 013 $a225649 040 $aSeMil$bita 245 10$aErmitage, San Pietroburgo. 260 $aMilano :$bRizzoli,$c2006. 260 $aMilano :$bCorriere della Sera,$c2006. 260 $aMilano :$bSkira,$c2006. 300 $a189 p. :$bill. ;$c24 cm. 490 0 $aI grandi musei del mondo ;$v6 650 4$aSan Pietroburgo - Ermitage - Cataloghi.$0(OLS)http://semarc/subject/18705 830 2$aI grandi musei del mondo ;$v6.$0(OLS)http://semarc/title/28457 850 $aSeMil 852 $aSeMil$W1$xVenegono$y1$m5I VI 123$j197090$B197090$CSeMilBibl$Z2$F208449 $81 961 $aOmaggio: Istituto San Vincenzo 996 $6245$aErmitage, San Pietroburgo$9(OLS)http://semarc/title/348537 996 $6260$aMilano :$bRizzoli$9(OLS)http://semarc/publisher/29824 996 $6260$aMilano :$bSkira$9(OLS)http://semarc/publisher/32219 996 $6260$aMilano :$bCorriere della Sera$9(OLS)http://semarc/publisher/33390 LEADER 01085nam a2200217 i 4500 001 000000056477 003 CaOOAMICUS 005 20090709000000.0 008 090709s1969 it u000 u ita u 013 $a27649 040 $aSeMil$bita 245 10$aPio 11. nel trentesimo della morte (1939-1969) :$braccolta di studi e di memorie /$cA cura dell' Ufficio Studi Arcivescovile di Milano. 260 $aMilano :$bOpera Diocesana per la Preservazione e Diffusione della Fede,$c1969. 300 $a680 p., [15] p. di tav. ;$c25 cm. 500 $aContiene : Bibliografia. 600 04$aPio XI .$0(OLS)http://semarc/subject/2399 700 1 $aUfficio Studi Arcivescovile .$0(OLS)http://semarc/name/28566 850 $aSeMil 852 $aSeMil$W1$xVenegono$y1$m3A IV 383$j264586$B22631$CSeMilBibl$Z2$F22633 $81 996 $6245$aPio 11. nel trentesimo della morte (1939-1969) :$braccolta di studi e di memorie$9(OLS)http://semarc/title/87833 996 $6260$aMilano :$bOpera Diocesana per la Preservazione e Diffusione della Fede$9(OLS)http://semarc/publisher/31697